000 00342nam a22001337a 4500
008 180919b xxu||||| |||| 00| 0 eng d
020 _a9781572306448
041 _aeng
080 _a159.9
100 _a47
101 _aPSI
245 _aBetrayed As Boys Psychodynamic Treatment Sexuallity Abused Men
_cGartner.R.B
942 _2udc
_cBK
999 _c48021
_d48021